LEADER 02155nam 2200553 450 001 9910136689303321 005 20230721043411.0 010 $a1-62810-579-8 035 $a(CKB)3710000000907409 035 $a(MiAaPQ)EBC5245256 035 $a(EXLCZ)993710000000907409 100 $a20180312h20092009 uy 0 101 0 $aeng 135 $aurcnu|||||||| 181 $2rdacontent 182 $2rdamedia 183 $2rdacarrier 200 10$aElectronic discovery and digital evidence in a nutshell /$fby Shira A. Scheindlin, Daniel J. Capra, The Sedona Conference 210 1$aSaint Paul, Minnesota :$cWest,$d2009. 210 4$dİ2009 215 $a1 online resource (229 pages) 225 1 $aWest nutshell series 300 $aIncludes index. 311 $a0-314-20448-2 327 $aThe effect of electronic information on discovery practice -- Preservation of electronic information -- Meet and confer (rule 26(f)) and initial scheduling conference (rule 16) -- Data collection -- Production issues -- Spoliation and sanctions -- Ethical issues in e-discovery -- Privilege issues arising during electronic discovery -- Admissibility of digital evidence. 410 0$aNutshell series. 606 $aElectronic discovery (Law)$zUnited States 606 $aElectronic evidence$zUnited States 606 $aDiscovery (Law)$zUnited States 606 $aElectronic records$xLaw and legislation$zUnited States 606 $aEvidence, Documentary$zUnited States 606 $aEvidence (Law)$zUnited States 615 0$aElectronic discovery (Law) 615 0$aElectronic evidence 615 0$aDiscovery (Law) 615 0$aElectronic records$xLaw and legislation 615 0$aEvidence, Documentary 615 0$aEvidence (Law) 676 $a347.7372 700 $aScheindlin$b Shira A$g(Shira Ann),$01236005 702 $aCapra$b Daniel J.$f1953- 712 02$aSedona Conference (Organization) 801 0$bMiAaPQ 801 1$bMiAaPQ 801 2$bMiAaPQ 906 $aBOOK 912 $a9910136689303321 996 $aElectronic discovery and digital evidence in a nutshell$92870359 997 $aUNINA LEADER 01848nas 2200553-a 450 001 996321099603316 005 20230217213020.0 011 $a1179-1616 035 $a(OCoLC)506337438 035 $a(CKB)2490000000000607 035 $a(CONSER)--2012254641 035 $a(DE-599)ZDB2520715-5 035 $a(MiFhGG)5UFE 035 $a(MiAaPQ)3933271 035 $a(EXLCZ)992490000000000607 100 $a20081121a20099999 --- a 101 0 $aeng 135 $aurmn||||a|||| 181 $ctxt$2rdacontent 182 $cc$2rdamedia 183 $acr$2rdacarrier 200 00$aTransplant research and risk management 210 $a[Auckland, N.Z.] $cDove Medical Press$dİ2009- 215 $a1 online resource $cillustrations 300 $aArchived by the National Library of New Zealand. 300 $aRefereed/Peer-reviewed 531 1 $aTranspl. res. risk manag. 606 $aTransplantation of organs, tissues, etc$vPeriodicals 606 $aTransplantation immunology$vPeriodicals 606 $aTransplantation 606 $aTransplantation Immunology 606 $aTransplantation$2ebps 606 $aTransplantation immunology$2fast$3(OCoLC)fst01154917 606 $aTransplantation of organs, tissues, etc$2fast$3(OCoLC)fst01154919 608 $aPeriodical. 608 $aPeriodicals.$2fast 610 $aTransplantation of Organs & Tissues 615 0$aTransplantation of organs, tissues, etc 615 0$aTransplantation immunology 615 2$aTransplantation. 615 2$aTransplantation Immunology. 615 7$aTransplantation. 615 7$aTransplantation immunology. 615 7$aTransplantation of organs, tissues, etc. 676 $a617.95405 906 $aJOURNAL 912 $a996321099603316 996 $aTransplant research and risk management$92362305 997 $aUNISA